000 00641nam a2200193Ia 4500
003 IN-BaIIA
008 211028s9999 xx 000 0 eng d
040 _cIIA Library
080 _a047.1:533.9
_bREV-3
245 0 _aReviews of plasma physics
_bvol. 3, translated from Russian by Herbert Lashinsky
_cedited by Mikhail Alexandrovich Leontovich
260 _aNew York
_bConsultants Bureau
_c1965
300 _aix, 325p.
650 _aAstronomy and Astrophysics Thesaurus
650 _aMagnetohydrodynamics
_91666
650 _aPlasma physics
_93732
650 _aPlasmas
_91898
700 _aLeontovich, Acad. M. A., ed.
_910609
942 _cBK
999 _c6136
_d6136